|
|
|
|
| LEADER |
01591nam a2200349 a 4500 |
| 001 |
5756 |
| 003 |
BD-DhAAL |
| 005 |
20150615111742.0 |
| 008 |
150615s1990 caua j b 001 0 eng |
| 010 |
|
|
|a 90035611
|
| 020 |
|
|
|a 0899080790
|
| 040 |
|
|
|a DLC
|c DLC
|d DLC
|d BD-DhAAL
|
| 050 |
0 |
0 |
|a E814
|b .O53 1990
|
| 082 |
0 |
0 |
|a 973.918/092
|a B
|2 20
|
| 100 |
1 |
|
|a O'Neal, Michael,
|d 1949-
|9 12061
|
| 245 |
1 |
0 |
|a President Truman and the atomic bomb :
|b opposing viewpoints /
|c by Michael O'Neal.
|
| 260 |
|
|
|a San Diego, Calif. :
|b Greenhaven Press,
|c c1990.
|
| 300 |
|
|
|a 112 p. :
|b ill. ;
|c 24 cm.
|
| 490 |
1 |
|
|a Great mysteries
|
| 504 |
|
|
|a Includes bibliographical references (p. 106-107) and index.
|
| 520 |
|
|
|a Discusses the events and decisions that led to the bombing of Hiroshima in 1945, particularly Truman's role as decision maker and initiator of the act.
|
| 541 |
|
|
|e 5756
|
| 600 |
1 |
0 |
|a Truman, Harry S.,
|d 1884-1972
|x Military leadership
|x Juvenile literature.
|9 12062
|
| 600 |
1 |
1 |
|a Truman, Harry S.,
|d 1884-1972.
|9 12063
|
| 650 |
|
0 |
|a Atomic bomb
|x History
|x Juvenile literature.
|9 12064
|
| 650 |
|
1 |
|a Atomic bomb
|x History.
|9 12065
|
| 651 |
|
0 |
|a Hiroshima-shi (Japan)
|x History
|y Bombardment, 1945
|x Juvenile literature.
|9 12066
|
| 651 |
|
1 |
|a Hiroshima-shi (Japan)
|x History
|y Bombardment, 1945.
|9 12067
|
| 830 |
|
0 |
|a Great mysteries (Saint Paul, Minn.)
|9 12068
|
| 942 |
|
|
|2 ddc
|c BK
|
| 999 |
|
|
|c 34722
|d 34722
|
| 952 |
|
|
|0 0
|1 0
|2 ddc
|4 0
|6 973_918092000000000_ONE
|7 0
|9 54297
|a SCL
|b SCL
|c GEN
|d 2015-06-15
|e Gift: The Asia Foundation
|l 4
|m 21
|o 973.918092 ONE
|p 3020005756
|r 2022-08-24
|s 2022-06-16
|t 1
|w 2015-06-15
|y BK
|